Memorial presentado a S.M. Christianisima por el primer cirujano de su Real Cámara [G.P. de la Martinière] (Record no. 103078)

MARC details
000 -LEADER
campo de control de longitud fija 01056nam a2200193 i 4500
001 - NÚMERO DE CONTROL
campo de control 103078
003 - IDENTIFICADOR DE NÚMERO DE CONTROL
campo de control ES-MaACL
005 - FECHA Y HORA DE LA ÚLTIMA TRANSACCIÓN
campo de control 20251120063137.0
007 - CAMPO FIJO DE DESCRIPCIÓN FÍSICA--INFORMACIÓN GENERAL
campo de control de longitud fija t|
008 - DATOS DE LONGITUD FIJA--INFORMACIÓN GENERAL
campo de control de longitud fija 060110s1786 sp |||| | spa d
100 1# - ENTRADA PRINCIPAL--NOMBRE DE PERSONA
Nombre de persona La Martinière, Germain Pichaut de,
Fechas asociadas al nombre 1696-1783
9 (RLIN) 170578
245 10 - MENCIÓN DEL TÍTULO
Título Memorial presentado a S.M. Christianisima por el primer cirujano de su Real Cámara [G.P. de la Martinière]
Resto del título : Sentencia de S.M. y reales declaraciones ulteriores, traducidas del francés al español por el L.D.J.A.C. cirujano, en defensa de los memoriales presentados al mismo soberano por su primer médico, que traduxo al español y roboró el Dr. Don Jayme Menos, médico de los Reales Exercicos de S.M. Católica.
260 ## - PUBLICACIÓN, DISTRIBUCIÓN, ETC.
Lugar de publicación, distribución, etc. Barcelona :
Nombre del editor, distribuidor, etc. por Francisco Suriá y Burgada, imp. del Rey...,
Fecha de publicación, distribución, etc. 1786.
300 ## - DESCRIPCIÓN FÍSICA
Extensión [4], 39 p. ;
Dimensiones 20 cm.
530 ## - NOTA DISPONIBLE DE FORMULARIO FÍSICO ADICIONAL
Nota de formato físico adicional disponible Disponible en formato digital.
852 ## - LOCALIZACIÓN
Ubicación ES-MaACL
Número de control de estantería R-3431(15)
Nota libre . - Ex libris de Mateo Seoane
856 ## - LOCALIZACIÓN Y ACCESO ELECTRÓNICOS
Identificador Uniforme de Recursos <a href="https://archive.org/details/b3035495x ">https://archive.org/details/b3035495x </a>
Nota pública Internet Archive
Holdings
Estatus retirado Estado de pérdida Estado de daño No para préstamo Colección Biblioteca de origen Biblioteca actual Ubicación en estantería Fecha de adquisición Fuente de adquisición Total de préstamos Signatura topográfica completa Código de barras Visto por última vez Precio de reemplazo Tipo de ítem Koha
        Colección digital Biblioteca del Ateneo de Madrid Biblioteca del Ateneo de Madrid Depósito 17/01/2008     R-3431(15) 1107637 23/02/2023 23/02/2023 Libro impreso antiguo